000 04179nam0a2200445 4500
001 RU\NLR\BIBL_A\022008646
005 20230922152850.0
010 _a978-5-93767-484-5
_928
021 _aRU
_bКН-П-23-045662
_9КН-П-23-4568
035 _a(NLR Aleph) 022008646
035 _a(RuMoRGB)011949164
090 _a12476981
_c12476981
100 _a20230822d2022 k y0rusy50 ca
101 0 _arus
_deng
102 _aRU
105 _aac z 100zy
181 0 _ai3
_baxxe
182 1 _an
200 1 _aСовременный художественно-эстетический опыт и образование в сфере культуры и искусства
_eматериалы Международной научно-практической конференции, Владимир, 18 ноября 2022 года
_fМинистерство науки и высшего образования Российской Федерации, Федеральное государственное бюджетное образовательное учреждение высшего образования "Владимирский государственный университет имени Александра Григорьевича и Николая Григорьевича Столетовых", Высшая школа музыки и театра
_gредакционная коллегия: А. В. Данилова, кандидат философских наук, доцент, Л. Н. Ульянова, кандидат философских наук, профессор
203 _aТекст
_bвизуальный
_cнепосредственный
210 _aВладимир
_c[б. и.]
_d2022
215 _a194 с.
_cил., портр.
_d21
300 _aРез. англ.
320 _aБиблиогр. в конце докл.
330 _aСборник посвящён актуальным проблемам современного искусства и опубликован по материалам Международной научно-практической конференции "Современный художественно-эстетический опыт и образование в сфере культуры и искусства", состоявшейся на базе Высшей школы музыки и театра ВлГУ 18 ноября 2022 года. Издание адресовано преподавателям, аспирантам, специалистам, работающим в области искусствоведления. студентам, а также специалистам, работающим в области искусствоведения
606 1 _aОбразование в области культуры и искусства
_jСъезды, совещания и т.п
_92484293
_3RU\NLR\AUTH\661474514
606 1 _aМузыка
_jСъезды, совещания и т.п
_9888123
_3RU\NLR\AUTH\66429
606 1 _aТеатр
_jСъезды, совещания и т.п
_9926693
_3RU\NLR\AUTH\6621912
675 _a7.0:37(082)
_v4
686 1 _aЩ33я431
686 1 _aЩ31я431
686 1 _aЧ459.7я431
702 1 _4340
_7ca
_8rus
_aДанилова
_bА. В.
_cканд. филос. наук, музыкальное образование
_gАнна Викторовна
_9205862
_3RU\NLR\AUTH\770205914
711 1 2 _a"Современный художественно-эстетический опыт и образование в сфере культуры и искусства", международная научно-практическая конференция
_eВладимир
_f2022
_9858392
_3RU\NLR\AUTH\880596596
712 0 2 _4557
_aВладимирский государственный университет им. А. Г. и Н. Г. Столетовых
_bВысшая школа музыки и театра
_9858394
_3RU\NLR\AUTH\880596598
942 _cBOOK
980 _aNB